000 00757nam a2200289Ia 4500
001 Para_1502
003 CHAP
008 220125s1990 xx 000 0 und d
010 _a200236
040 _cCHAP
082 _aPA 632 W48 1990
100 _aWescott, Cynthia
_9165109
245 _aPlant diseases handbook /
_c Cynthia Westcott and Kenneth Horst
250 _a5a.
260 _aNew York :
_b Avi
300 _a95 p.
650 _aFitopatología
_941161
650 _aMicroorganismos patógenos
_975528
700 _aHorst, Kenneth
_9165110
901 _aPA 632 W48 1990
902 _aA
905 _a0000001990 a 0000000000 00
910 _a1990
942 _cPARA
942 _cPARA
_d1
999 _c200236
_d200236